000 00384nam a2200157Ia 4500
008 230917s9999||||xx |||||||||||||| ||und||
040 _e71738
_aMAIN
041 _aEnglish
082 _a005.43 S32O
100 _aSilberschatz, Abraham
245 0 _aOperating system concepts
250 _a5th ed.
260 _aSingapore
_bJohn Wiley
_c2001
300 _axvii, 888 p.
942 _cBK
999 _c92930
_d92930